00558nam a2200205 a 4500008004100000020001500041050001900056100001600075245007600091246002400167260003200191300001900223350000900242650001500251650001200266650001100278650001800289650002100307700002400328120416s1984 ||||||||||||||||| || u a0070541744 aPR 2763. R6S53 aRowse, A. L10aRomeo and Juliet, Julius Caeser, Hamlet, Macbethcedited by A. L. Rowse aWilliam Shakespeare aNew YorkbMcGraw-Hillc1984 axxi, 368 pages a0.00 aLITERATURE aMACBETH aHAMLET aJULIUS CAESAR aROMEO AND JULIET aShakespear, William